| 000 | 01315nam a22002537a 4500 | ||
|---|---|---|---|
| 003 | OSt | ||
| 005 | 20250415120600.0 | ||
| 008 | 240401s2023 |||||||er|||| 00| fdspa d | ||
| 020 | _a9786287611375 | ||
| 037 | _3Donación | ||
| 040 |
_aCO-JMCR _bspa _cCO-JMCR _dCO-JMCR _erda |
||
| 041 | 0 | _aspa | |
| 082 | 0 | 4 |
_aA-N _bESTc1 |
| 100 | 1 |
_eautor _aEstupiñán, Hernán, _943609 |
|
| 245 | 1 |
_aComo una nube, tus rebeliones / _cHernán Estupiñán |
|
| 260 |
_aBogotá : _bPlaneta , _c2023 |
||
| 300 |
_a169 páginas ; _c23 cm |
||
| 520 | _aAutobiografía, testimonio, reminiscencia y retrato hablado, son varios los recursos que confluyen en la voz de un atento narrador que revisa sus orígenes en un pueblo de Boyacá, donde se enfrenta al rigor de la escuela y vive de cerca las aventuras de sus hermanos mayores. Las travesuras de infancia, el primer amor y los afanes de la juventud, el sentimiento de rebelión y el hallazgo de una vocación en Bogotá, marcarán la vida de un clan que condensa los deseos y aspiraciones de una nación. | ||
| 650 |
_2JMCR _aLiteratura Colombiana _ySiglo XIX _zBoyacá (Colombia) _943610 |
||
| 650 |
_2JMCR _aNovela Colombiana _ySiglo XIX _zBoyacá (Colombia) _943611 |
||
| 650 |
_2JMCR _aAutobiografía _zColombia _943680 |
||
| 651 |
_aBoyacá (Colombia) _943612 |
||
| 942 |
_2ddc _cBK |
||
| 999 |
_c30721 _d17105 |
||